01122nam a22002177a 45000010005000000030006000050050017000110080041000280200018000690400029000870820012001161000017001282450075001452600033002203000058002535000006003115050007003175200535003245210027008595210018008867994FISKH20250818104509.0250818b cb ||||| |||| 00| 0 eng d a9780099204718 aFISKHbengcFISKHdFISKH a823.914 aDann, Colin  a The adventures of Mole :bThe animals of farthing wood /c Colin Dann aLondon : bRed Fox, c1992.  a28 unnumbered pages :b color illustrations ; c16 cm a  aK  aMole grows tired of spring cleaning and decides to leave his underground home to explore the outside world. For the first time, he sees the river and meets Rat, who teaches him about boating and the joys of river life. Together, they become close friends and go on adventures, sometimes visiting Toad, who is reckless and obsessed with new fads, like motorcars, and Badger, who is wise and reclusive. Mole learns about bravery, friendship, and responsibility as he helps his friends rescue Toad from trouble and reclaim Toad Hall.8 a510 bLexile estimate 8 aK bRaz-Plus